00937nam a2200217 a 450000100100000000500170001000800410002702000150006804000250008310000370010824500940014526001250023930000210036449000180038550400320040371000720043571000650050783000250057295201050059799900170070200004107020201002034609.0130917s2003 sp a 000 0 spa d a8400082044 aDO-SdBNPbspacBNPHU1 aPérez Ballester, José96756713aLa cerámica de barniz negro del santuario de Juno en Gabii /cJosé Pérez Ballester. aRoma :bConsejo Superior de Investigaciones CientíficasbEscuela Española de Historia y Arquilogía en Roma,c2003. a340 p. ;c30 cm.1 aArquelogiav8 aBibliografía : p. 331-3402 aConsejo Superior de Investigaciones Científicas (España)9151782 aEscuela Española de Historia y Arquilogía en Roma967568 0aArquelogian8967569 001050718MOaGRbGRcCTd2013-09-17iLF1l0o p41070-10r2020-06-25w2020-06-25y1ZNo se presta c40560d40560